[Event "UZB-ch"]
[Site "Tashkent"]
[Date "2024.04.28"]
[Round "17"]
[White "Bakhrillaev, Bakhrom"]
[Black "Sindarov, Javokhir"]
[Result "0-1"]
[WhiteElo "2346"]
[BlackElo "2684"]
[PlyCount "106"]
[EventDate "2024.04.20"]
[EventType "tourn (rapid)"]
[EventRounds "23"]
[EventCountry "UZB"]
[EventCategory "5"]
[SourceTitle "CB18_2024"]
[SourceDate "2024.05.01"]
[SourceVersion "1"]
[SourceVersionDate "2024.05.01"]
[SourceQuality "2"]

1. d4 Nf6 2. c4 e6 3. Nc3 d5 4. Nf3 c6 5. e3 Nbd7 6. Qc2 Bd6 7. Bd3 0-0 8. 0-0 dxc4 9. Bxc4 e5 10. h3 exd4 11. exd4 Nb6 12. Bb3 Re8 13. Bg5 Be6 14. Bxe6 Rxe6 15. Ne4 Be7 16. Nc5 Bxc5 17. dxc5 Nbd5 18. Rfe1 Rxe1+ 19. Rxe1 Qf8 20. Qb3 Rb8 21. Ne5 Qe7 22. Bxf6 Nxf6 23. Re3 Qc7 24. Nc4 Nd5 25. Re4 h6 26. Ne3 Nf6 27. Rb4 Qe7 28. Qc3 Re8 29. Rc4 Qe6 30. Ra4 a6 31. Rb4 Re7 32. a3 Ne4 33. Qc2 Qe5 34. Rc4 Nxf2 35. Qxf2 Qxe3 36. Qxe3 Rxe3 37. Rb4 Re7 38. Kf2 Rd7 39. Ke3 f6 40. g4 Kf7 41. a4 Re7+ 42. Kd3 Kg6 43. Rf4 h5 44. Kc4 hxg4 45. Rxg4+ Kf5 46. Rg3 g5 47. Kb4 Kf4 48. Rg4+ Kf3 49. Ka5 Rh7 50. Rb4 f5 51. Kb6 f4 52. Ka7 Kg2 53. Rb3 f3 0-1

[Event "UZB-ch"]
[Site "Tashkent"]
[Date "2024.04.23"]
[Round "7"]
[White "Bakhrillaev, Bakhrom"]
[Black "Faizulaev, Akmal"]
[Result "1/2-1/2"]
[WhiteElo "2346"]
[BlackElo "2354"]
[PlyCount "46"]
[EventDate "2024.04.20"]
[EventType "tourn (rapid)"]
[EventRounds "23"]
[EventCountry "UZB"]
[EventCategory "5"]
[SourceTitle "CB18_2024"]
[SourceDate "2024.05.01"]
[SourceVersion "1"]
[SourceVersionDate "2024.05.01"]
[SourceQuality "2"]

1. d4 d5 2. c4 e6 3. Nf3 Nf6 4. g3 Bb4+ 5. Bd2 Be7 6. Bg2 0-0 7. 0-0 dxc4 8. Qa4 a6 9. Qxc4 b5 10. Qc2 Bb7 11. Rc1 Bd6 12. e3 Nbd7 13. Ba5 Qe7 14. Qe2 c5 15. dxc5 Bxc5 16. Nbd2 Rac8 17. a4 Bb4 18. Bxb4 Qxb4 19. axb5 axb5 20. Nd4 Bxg2 21. Kxg2 Qxb2 22. Rcb1 Qc3 23. Nxb5 Qc6+ 1/2-1/2

[Event "Moscow Aeroflot op-A"]
[Site "Moscow"]
[Date "2024.03.05"]
[Round "5"]
[White "Bakhrillaev, Bakhrom"]
[Black "Saydaliev, Saidakbar"]
[Result "0-1"]
[WhiteElo "2325"]
[BlackElo "2445"]
[PlyCount "110"]
[EventDate "2024.03.03"]
[EventType "swiss"]
[EventRounds "9"]
[EventCountry "RUS"]
[SourceTitle "CB11_2024"]
[SourceDate "2024.03.13"]
[SourceVersion "1"]
[SourceVersionDate "2024.03.13"]
[SourceQuality "1"]

1. d4 Nf6 2. c4 e6 3. Nc3 d5 4. cxd5 exd5 5. Bg5 c6 6. e3 Be7 7. Bd3 h6 8. Bh4 0-0 9. Nf3 Ne8 10. Bg3 Nd6 11. Qc2 a5 12. 0-0 Na6 13. a3 Be6 14. Ne5 Re8 15. f4 f6 16. f5 fxe5 17. dxe5 Nxf5 18. Bxf5 Bc5 19. Bxe6+ Rxe6 20. Rae1 Bb6 21. Qf2 Qe8 22. Kh1 Nc5 23. e4 dxe4 24. Nxe4 Nxe4 25. Qxb6 Nxg3+ 26. hxg3 Qd7 27. Rf4 a4 28. Rfe4 Qe7 29. Rc1 Ra6 30. Qd4 Ra5 31. Rce1 Kh8 32. Qb4 Qxb4 33. Rxb4 b5 34. Rd4 Ra7 35. Rd8+ Kh7 36. Rc8 Rd7 37. Re2 Rd5 38. Rc2 Rexe5 39. Kg1 c5 40. Rb8 c4 41. Rb7 Rd3 42. g4 Rg3 43. Rc3 Rxg4 44. Rc2 Rg3 45. Kf2 Rd3 46. Rb6 h5 47. Kg1 g6 48. Kh2 Kh6 49. Rf2 Rb3 50. Rc2 h4 51. Rc6 Kh5 52. Rd2 g5 53. Rc8 Rd3 54. Rf2 Kg4 55. Rcf8 Rd1 0-1

[Event "Moscow Aeroflot op-A"]
[Site "Moscow"]
[Date "2024.03.03"]
[Round "2"]
[White "Bakhrillaev, Bakhrom"]
[Black "Zubritskiy, Artyom"]
[Result "1-0"]
[WhiteElo "2325"]
[BlackElo "2468"]
[PlyCount "117"]
[EventDate "2024.03.03"]
[EventType "swiss"]
[EventRounds "9"]
[EventCountry "RUS"]
[SourceTitle "CB11_2024"]
[SourceDate "2024.03.13"]
[SourceVersion "1"]
[SourceVersionDate "2024.03.13"]
[SourceQuality "1"]

1. d4 f5 2. g3 Nf6 3. Bg2 d6 4. Nf3 g6 5. 0-0 Bg7 6. b3 0-0 7. c4 e6 8. Nc3 Qe7 9. Bb2 Ne4 10. e3 Nxc3 11. Bxc3 Nc6 12. b4 g5 13. b5 Nd8 14. a4 Nf7 15. a5 Rb8 16. Qb3 Bd7 17. Rfe1 g4 18. Nd2 Ng5 19. b6 axb6 20. axb6 cxb6 21. Qxb6 Bc6 22. Ra7 Bxg2 23. Kxg2 Qf7 24. Rb1 Qh5 25. Rxb7 Qh3+ 26. Kh1 Nf3 27. Nxf3 gxf3 28. Rg1 Rxb7 29. Qxb7 Qg4 30. Qe7 Qe4 31. Qxd6 Bh6 32. d5 Re8 33. g4 f4 34. g5 Bf8 35. Qxf4 Qxf4 36. exf4 exd5 37. cxd5 Re4 38. Be5 Bc5 39. d6 Kf7 40. d7 Bb6 41. Bf6 Re2 42. d8Q Bxd8 43. Bxd8 Rxf2 44. f5 Rd2 45. g6+ hxg6 46. fxg6+ Kg8 47. Bg5 Rd6 48. Rf1 Rxg6 49. h4 Ra6 50. Rxf3 Ra2 51. Kg1 Kg7 52. Rf2 Ra1+ 53. Kg2 Kg6 54. Bf4 Kh5 55. Bg3 Ra5 56. Kh3 Ra3 57. Rf5+ Kg6 58. Rg5+ Kh6 59. Kg4 1-0

[Event "Titled Tuesday intern op 06th Feb Early"]
[Site "Chess.com INT"]
[Date "2024.02.06"]
[Round "8"]
[White "Bakhrillaev, Bakhrom"]
[Black "Hartikainen, Jarmo"]
[Result "1-0"]
[WhiteElo "2325"]
[BlackElo "2089"]
[PlyCount "59"]
[EventDate "2024.02.06"]
[EventType "swiss (blitz)"]
[EventRounds "11"]
[EventCountry "USA"]
[SourceTitle "CB07_2024"]
[SourceDate "2024.02.14"]
[SourceVersion "1"]
[SourceVersionDate "2024.02.14"]
[SourceQuality "1"]

1. d4 d5 2. c4 c5 3. cxd5 Qxd5 4. Nf3 cxd4 5. Nc3 Qa5 6. Nxd4 a6 7. Nb3 Qh5 8. Nd5 Qxd5 9. Qxd5 Nf6 10. Qc4 Be6 11. Qc7 Nbd7 12. Bd2 g6 13. Rc1 Rd8 14. Na5 Nd5 15. Qc8 N7b6 16. Qxb7 Bg7 17. e4 0-0 18. exd5 Nxd5 19. Bc4 Rb8 20. Bxd5 Rxb7 21. Bxb7 Bxb2 22. Rc7 Be5 23. Rc1 Rd8 24. Nc4 Bg7 25. Be3 Bxc4 26. Rxc4 Rb8 27. Rc8+ Rxc8 28. Bxc8 Bc3+ 29. Ke2 a5 30. Rd1 1-0

[Event "Titled Tuesday intern op 06th Feb Early"]
[Site "Chess.com INT"]
[Date "2024.02.06"]
[Round "9"]
[White "Bakhrillaev, Bakhrom"]
[Black "Osiecki, Stanislaw"]
[Result "1-0"]
[WhiteElo "2325"]
[BlackElo "1932"]
[PlyCount "53"]
[EventDate "2024.02.06"]
[EventType "swiss (blitz)"]
[EventRounds "11"]
[EventCountry "USA"]
[SourceTitle "CB07_2024"]
[SourceDate "2024.02.14"]
[SourceVersion "1"]
[SourceVersionDate "2024.02.14"]
[SourceQuality "1"]

1. d4 Nf6 2. c4 g6 3. Nc3 Bg7 4. e4 d6 5. f3 0-0 6. Be3 e5 7. Nge2 c6 8. Qd2 a5 9. h4 h5 10. 0-0-0 Nbd7 11. Kb1 Qe7 12. d5 cxd5 13. cxd5 Nc5 14. Nc1 b6 15. Nd3 Ba6 16. Nf2 Bxf1 17. Rhxf1 Rab8 18. g4 b5 19. Bg5 b4 20. Ne2 b3 21. a3 Ncd7 22. gxh5 gxh5 23. Rg1 Kh7 24. Ng3 Qe8 25. Nf5 Rg8 26. Bxf6 Nxf6 27. Rxg7+ 1-0

[Event "Titled Tuesday intern op 06th Feb Early"]
[Site "Chess.com INT"]
[Date "2024.02.06"]
[Round "3"]
[White "Brodsky, David"]
[Black "Bakhrillaev, Bakhrom"]
[Result "1/2-1/2"]
[WhiteElo "2506"]
[BlackElo "2325"]
[PlyCount "158"]
[EventDate "2024.02.06"]
[EventType "swiss (blitz)"]
[EventRounds "11"]
[EventCountry "USA"]
[SourceTitle "CB07_2024"]
[SourceDate "2024.02.14"]
[SourceVersion "1"]
[SourceVersionDate "2024.02.14"]
[SourceQuality "1"]

1. Nf3 Nf6 2. c4 g6 3. Nc3 Bg7 4. e4 d6 5. d4 0-0 6. Be3 Ng4 7. Bg5 h6 8. Bd2 e5 9. dxe5 Nxe5 10. Nxe5 dxe5 11. Be3 Nc6 12. Qxd8 Rxd8 13. Nd5 Rd7 14. 0-0-0 Nd4 15. f4 c6 16. fxe5 cxd5 17. Rxd4 dxe4 18. Rxe4 Rc7 19. Bf4 Bf5 20. Rd4 Re8 21. Rd5 Be6 22. Rd4 Bf5 23. Rd5 Rce7 24. Be2 Bxe5 25. Bxe5 Rxe5 26. Rxe5 Rxe5 27. Bf3 b6 28. Kd2 Be6 29. b3 Ra5 30. a4 Kf8 31. Kc3 Ke7 32. Rd1 Re5 33. Rd3 g5 34. h3 f5 35. b4 g4 36. hxg4 fxg4 37. Bc6 h5 38. Kd4 Re2 39. g3 Rc2 40. Bd5 Bf5 41. Re3+ Kd6 42. c5+ bxc5+ 43. bxc5+ Rxc5 44. Bc4 Rc7 45. Bb5 Rc2 46. Bc4 Rd2+ 47. Kc3 Rg2 48. Kd4 Rd2+ 49. Kc3 Rf2 50. Kd4 Rf3 51. Be2 Rxe3 52. Kxe3 Ke5 53. a5 Bd7 54. a6 Bc6 55. Bf1 Bf3 56. Bb5 Bd5 57. Be8 Bc4 58. Bxh5 Kf5 59. Be8 Bxa6 60. Bd7+ Kg5 61. Kd4 Be2 62. Kc3 Kf6 63. Kb4 Ke5 64. Kc3 Ke4 65. Kd2 Kf3 66. Bc6+ Kf2 67. Bd7 Bf3 68. Kc3 Kxg3 69. Kb2 Kf4 70. Bxg4 Bxg4 71. Ka1 Ke3 72. Kb2 Kd4 73. Ka1 Kc4 74. Kb2 a5 75. Ka1 a4 76. Kb2 Kb4 77. Ka1 Kb3 78. Kb1 Bf5+ 79. Ka1 Bd3 1/2-1/2

[Event "Wch Blitz"]
[Site "Samarkand"]
[Date "2023.12.30"]
[Round "13"]
[White "Bakhrillaev, Bakhrom"]
[Black "Grigoriants, Sergey"]
[Result "1/2-1/2"]
[WhiteElo "2332"]
[BlackElo "2544"]
[PlyCount "74"]
[EventDate "2023.12.29"]
[EventType "swiss (blitz)"]
[EventRounds "21"]
[EventCountry "UZB"]
[SourceTitle "CB01_2024"]
[SourceDate "2024.01.03"]
[SourceVersion "1"]
[SourceVersionDate "2024.01.03"]
[SourceQuality "1"]

1. d4 Nf6 2. c4 e6 3. Nc3 Bb4 4. e3 0-0 5. Bd3 c5 6. Nf3 d5 7. 0-0 Nc6 8. cxd5 exd5 9. dxc5 Bxc5 10. h3 Be6 11. Ne2 Qd7 12. b3 Rad8 13. Bb2 Ne4 14. Rc1 Bb6 15. Nf4 Bf5 16. Ne5 Nxe5 17. Bxe5 Rfe8 18. Bd4 Bxd4 19. exd4 Qd6 20. Ne2 Qf6 21. Rc7 Re7 22. Rxe7 Qxe7 23. Qc1 Qd6 24. Qf4 Qxf4 25. Nxf4 g5 26. Ne2 Rc8 27. Rc1 Rxc1+ 28. Nxc1 Kg7 29. f3 Nd6 30. Kf2 Kf6 31. Ke3 Bxd3 32. Kxd3 Nf5 33. g4 Nh4 34. Ke3 Ng2+ 35. Kf2 Nf4 36. Ne2 Nxe2 37. Kxe2 Ke6 1/2-1/2

[Event "Wch Blitz"]
[Site "Samarkand"]
[Date "2023.12.30"]
[Round "20"]
[White "Sattarov, Bobir"]
[Black "Bakhrillaev, Bakhrom"]
[Result "1-0"]
[WhiteElo "2353"]
[BlackElo "2332"]
[PlyCount "31"]
[EventDate "2023.12.29"]
[EventType "swiss (blitz)"]
[EventRounds "21"]
[EventCountry "UZB"]
[SourceTitle "CB01_2024"]
[SourceDate "2024.01.03"]
[SourceVersion "1"]
[SourceVersionDate "2024.01.03"]
[SourceQuality "1"]

1. e4 e5 2. Bc4 Nf6 3. Qf3 d6 4. h3 Be6 5. d3 Nbd7 6. Nc3 Be7 7. Nge2 0-0 8. 0-0 Bxc4 9. dxc4 Nc5 10. Ng3 Re8 11. Nf5 Bf8 12. Bg5 Ncd7 13. Nd5 c6 14. Nxf6+ Nxf6 15. Nh6+ gxh6 16. Bxf6 1-0

[Event "Wch Blitz"]
[Site "Samarkand"]
[Date "2023.12.29"]
[Round "11"]
[White "Kazhgaleyev, Murtas"]
[Black "Bakhrillaev, Bakhrom"]
[Result "0-1"]
[WhiteElo "2490"]
[BlackElo "2332"]
[PlyCount "82"]
[EventDate "2023.12.29"]
[EventType "swiss (blitz)"]
[EventRounds "21"]
[EventCountry "UZB"]
[SourceTitle "CB01_2024"]
[SourceDate "2024.01.03"]
[SourceVersion "1"]
[SourceVersionDate "2024.01.03"]
[SourceQuality "1"]

1. g3 Nf6 2. Bg2 g6 3. e4 d6 4. d4 Bg7 5. Nc3 0-0 6. Nge2 Nc6 7. h3 e5 8. Be3 exd4 9. Nxd4 Re8 10. 0-0 Bd7 11. Nde2 a6 12. a4 Ne5 13. b3 Bc6 14. Nd4 Bd7 15. Qd2 c5 16. Nde2 Bxh3 17. Rad1 Bxg2 18. Kxg2 b5 19. axb5 axb5 20. Qxd6 Qxd6 21. Rxd6 b4 22. Na4 Nxe4 23. Rd5 c4 24. Rc1 Ng4 25. Nb6 Ra2 26. Nxc4 Nexf2 27. Bc5 Ne4 28. Bxb4 h5 29. Nf4 Nef6 30. Rd3 g5 31. Nd6 Re3 32. Bc5 gxf4 33. Bxe3 Nxe3+ 34. Kf3 Nxc2 35. Nf5 fxg3 36. Nxg3 Ng4 37. Rd8+ Kh7 38. Nxh5 Ne5+ 39. Ke4 Nb4 40. Nf4 Rf2 41. Rh1+ Bh6 0-1

[Event "Wch Blitz"]
[Site "Samarkand"]
[Date "2023.12.29"]
[Round "4"]
[White "Ter Sahakyan, Samvel"]
[Black "Bakhrillaev, Bakhrom"]
[Result "1-0"]
[WhiteElo "2643"]
[BlackElo "2332"]
[PlyCount "99"]
[EventDate "2023.12.29"]
[EventType "swiss (blitz)"]
[EventRounds "21"]
[EventCountry "UZB"]
[SourceTitle "CB01_2024"]
[SourceDate "2024.01.03"]
[SourceVersion "1"]
[SourceVersionDate "2024.01.03"]
[SourceQuality "1"]

1. e4 e5 2. Nf3 Nc6 3. Bb5 a6 4. Ba4 Nf6 5. 0-0 d6 6. Bxc6+ bxc6 7. Re1 Bg4 8. d4 Nd7 9. Nbd2 exd4 10. h3 Bh5 11. g4 Bg6 12. Nxd4 h5 13. Nxc6 Qh4 14. Kg2 hxg4 15. Qxg4 Qxg4+ 16. hxg4 f6 17. f3 Ne5 18. Nxe5 fxe5 19. Nc4 Bf7 20. Na5 Kd7 21. Be3 Be7 22. Rh1 Be6 23. Rxh8 Rxh8 24. a3 c6 25. Rd1 Rb8 26. b4 Bd8 27. Nb3 Bxb3 28. cxb3 Ke6 29. Rc1 Kd7 30. Bd2 Bb6 31. Rh1 Ke6 32. Rh7 Kf6 33. Rh1 Ke6 34. Kf1 Bd4 35. Ke2 a5 36. Kd3 axb4 37. axb4 c5 38. Rc1 cxb4 39. Rc7 Rf8 40. f4 exf4 41. Kxd4 f3 42. Rc1 f2 43. Rf1 Rf3 44. Be3 Rg3 45. Rxf2 Rxg4 46. Rf4 Rg2 47. Rf8 Rg4 48. Kd3 Ke5 49. Rf5+ Ke6 50. Rb5 1-0

[Event "Wch Rapid"]
[Site "Samarkand"]
[Date "2023.12.28"]
[Round "12"]
[White "Bakhrillaev, Bakhrom"]
[Black "Begmuratov, Khumoyun"]
[Result "0-1"]
[WhiteElo "2332"]
[BlackElo "2371"]
[PlyCount "151"]
[EventDate "2023.12.26"]
[EventType "swiss (rapid)"]
[EventRounds "13"]
[EventCountry "UZB"]
[SourceTitle "CB01_2024"]
[SourceDate "2024.01.03"]
[SourceVersion "1"]
[SourceVersionDate "2024.01.03"]
[SourceQuality "1"]

1. d4 Nf6 2. c4 e6 3. Nc3 Bb4 4. e3 0-0 5. Bd3 d5 6. Nf3 a6 7. 0-0 dxc4 8. Bxc4 b5 9. Bd3 Bb7 10. a4 c6 11. Ne4 Nbd7 12. Bd2 Be7 13. b4 Nxe4 14. Bxe4 Nf6 15. Bd3 Qc7 16. Qb3 Rac8 17. Rfc1 Qb8 18. Ne5 Rfd8 19. f4 g6 20. f5 gxf5 21. Bxf5 Qd6 22. Rc5 Rf8 23. Bc2 Qd8 24. Rf1 Bxc5 25. bxc5 Nd7 26. Ng4 Qg5 27. Rf3 Qd5 28. Qd3 f5 29. Bb3 Nxc5 30. Bxd5 Nxd3 31. Bxe6+ Kg7 32. Bxf5 Rxf5 33. Rxf5 c5 34. Ne5 Be4 35. Rf7+ Kg8 36. Re7 Kf8 37. Re6 Bd5 38. Rd6 Nxe5 39. Rxd5 Nc4 40. Bc3 b4 41. Be1 b3 42. Bc3 b2 43. Bxb2 Nxb2 44. dxc5 Nxa4 45. Rd7 Kg8 46. Ra7 Nxc5 47. Kf2 Rd8 48. Kf3 Rd7 49. Ra8+ Kf7 50. Kf4 Rd2 51. Ra7+ Kg6 52. Kf3 Rd7 53. Ra8 Rf7+ 54. Ke2 Kf5 55. Rc8 Ne6 56. Rc6 Ra7 57. Kd3 a5 58. Rc3 a4 59. Ra3 Rc7 60. Kd2 Nc5 61. Kc3 Ke5 62. Kc4 Kd6 63. Ra2 Ne4+ 64. Kd4 Nc5 65. Kc4 Kc6 66. g4 Re7 67. Re2 Re4+ 68. Kc3 Rxg4 69. Kb2 Kb5 70. Ka3 Rb4 71. h3 Rb3+ 72. Ka2 Nd3 73. Rg2 Nb4+ 74. Ka1 Kc4 75. Rg7 Rxe3 76. Rxh7 0-1

[Event "Wch Rapid"]
[Site "Samarkand"]
[Date "2023.12.27"]
[Round "6"]
[White "Vasquez Schroder, Rodrigo Rafael"]
[Black "Bakhrillaev, Bakhrom"]
[Result "1-0"]
[WhiteElo "2475"]
[BlackElo "2332"]
[PlyCount "69"]
[EventDate "2023.12.26"]
[EventType "swiss (rapid)"]
[EventRounds "13"]
[EventCountry "UZB"]
[SourceTitle "CB01_2024"]
[SourceDate "2024.01.03"]
[SourceVersion "1"]
[SourceVersionDate "2024.01.03"]
[SourceQuality "1"]

1. d4 Nf6 2. c4 g6 3. g3 Bg7 4. Bg2 0-0 5. Nc3 d6 6. Nf3 c5 7. 0-0 Nc6 8. d5 Na5 9. Nd2 a6 10. Rb1 e6 11. b3 exd5 12. cxd5 Re8 13. Qc2 b5 14. e4 b4 15. Nd1 Bd7 16. Ne3 Bb5 17. Re1 Nd7 18. Bb2 Ne5 19. Nec4 Nexc4 20. bxc4 Bxb2 21. Rxb2 Bd7 22. f4 Qf6 23. e5 dxe5 24. Ne4 Qb6 25. d6 Kg7 26. Qf2 exf4 27. Rbe2 Bg4 28. Nxc5 Rxe2 29. Rxe2 f3 30. Ne6+ Bxe6 31. Qxb6 fxe2 32. Kf2 Re8 33. Qxa5 Bg4 34. Ke1 Re3 35. Qg5 1-0

[Event "Sitges Sunway op 10th"]
[Site "Sitges"]
[Date "2023.12.14"]
[Round "3"]
[White "Bakhrillaev, Bakhrom"]
[Black "Murzin, Volodar"]
[Result "0-1"]
[WhiteElo "2332"]
[BlackElo "2627"]
[PlyCount "96"]
[EventDate "2023.12.12"]
[EventType "swiss"]
[EventRounds "10"]
[EventCountry "ESP"]
[SourceTitle "CB52_2023"]
[SourceDate "2023.12.27"]
[SourceVersion "1"]
[SourceVersionDate "2023.12.27"]
[SourceQuality "1"]

1. d4 f5 2. g3 Nf6 3. Bg2 g6 4. Nf3 Bg7 5. 0-0 0-0 6. b3 d6 7. Bb2 Nbd7 8. Nbd2 e6 9. c4 Ne4 10. Qc2 Nxd2 11. Nxd2 Qe7 12. f4 e5 13. e3 e4 14. b4 Nf6 15. a4 Bd7 16. b5 Kh8 17. Ba3 g5 18. Rae1 gxf4 19. exf4 a6 20. Qb3 axb5 21. axb5 Be6 22. d5 Bf7 23. Nf3 Nd7 24. Ng5 Qf6 25. Re3 Nb6 26. Nxf7+ Qxf7 27. Bb2 Na4 28. Bxg7+ Qxg7 29. h3 Nc5 30. Qc3 Qxc3 31. Rxc3 Rg8 32. Kh1 h5 33. Kh2 Ra2 34. Rfc1 h4 35. g4 fxg4 36. hxg4 Rxg4 37. R1c2 Rxc2 38. Rxc2 Rxf4 39. Rb2 b6 40. Ra2 Kg7 41. Ra8 Nd3 42. Rc8 e3 43. Rxc7+ Rf7 44. Rxf7+ Kxf7 45. Bf3 Nf4 46. Kg1 Kf6 47. Kf1 Ke5 48. Ke1 Kd4 0-1

[Event "Sant Boi de Llobregat op 4th"]
[Site "Sant Boi de Llobregat"]
[Date "2023.12.01"]
[Round "2"]
[White "Kaasen, Tor Fredrik"]
[Black "Bakhrillaev, Bakhrom"]
[Result "0-1"]
[WhiteElo "2471"]
[BlackElo "2332"]
[PlyCount "124"]
[EventDate "2023.11.30"]
[EventType "swiss"]
[EventRounds "9"]
[EventCountry "ESP"]
[SourceTitle "CB50_2023"]
[SourceDate "2023.12.13"]
[SourceVersion "1"]
[SourceVersionDate "2023.12.13"]
[SourceQuality "1"]

1. e4 e5 2. Nf3 Nc6 3. Bb5 a6 4. Ba4 Nf6 5. 0-0 d6 6. Re1 Bd7 7. c4 g6 8. Bxc6 Bxc6 9. Nc3 Bg7 10. d4 exd4 11. Nxd4 0-0 12. f3 Nd7 13. Be3 Ne5 14. b3 Bd7 15. Qd2 Rb8 16. Bh6 Bxh6 17. Qxh6 b5 18. cxb5 axb5 19. Qd2 b4 20. Nd5 c6 21. Ne3 c5 22. Ne2 Bb5 23. Red1 Qg5 24. Kh1 Nd3 25. Nc1 Nf4 26. Nd5 Qe5 27. Rb1 Nxd5 28. Qxd5 Rfd8 29. Qd2 d5 30. exd5 Rd6 31. Qb2 Qe3 32. Qd2 Qe5 33. Qb2 Rxd5 34. Nd3 Qxb2 35. Nxb2 Rxd1+ 36. Nxd1 Re8 37. Nf2 Re2 38. Kg1 Rxa2 39. Rc1 c4 40. bxc4 Bxc4 41. Rxc4 Ra1+ 42. Nd1 Rxd1+ 43. Kf2 Rd2+ 44. Kg3 b3 45. Rb4 b2 46. f4 Kf8 47. Rb7 Ke8 48. Kf3 Kd8 49. h4 Kc8 50. Rb4 Kc7 51. g3 Kc6 52. Ke3 Kc5 53. Rb7 Rg2 54. Kd3 h5 55. Ke4 Kc4 56. Kf3 Rh2 57. f5 gxf5 58. Kf4 Kc3 59. Kxf5 Rg2 60. Rc7+ Kd2 61. Rb7 Kc1 62. Rc7+ Rc2 0-1

[Event "Qatar Masters op"]
[Site "Doha"]
[Date "2023.10.18"]
[Round "7"]
[White "Jin, Yueheng"]
[Black "Bakhrillaev, Bakhrom"]
[Result "0-1"]
[WhiteElo "2398"]
[BlackElo "2302"]
[PlyCount "106"]
[EventDate "2023.10.11"]
[EventType "swiss"]
[EventRounds "9"]
[EventCountry "QAT"]
[SourceTitle "Mega2024 Update 01"]
[Source "Chessbase"]
[SourceDate "2023.11.12"]
[SourceVersion "1"]
[SourceVersionDate "2023.11.12"]
[SourceQuality "1"]

1. d4 Nf6 2. c4 g6 3. g3 Bg7 4. Bg2 0-0 5. Nc3 d6 6. Nf3 c5 7. d5 e6 8. 0-0 exd5 9. cxd5 Re8 10. Re1 Ne4 11. Nxe4 Rxe4 12. Qc2 Re8 13. Bf4 Bg4 14. Nd2 g5 15. Be3 Nd7 16. h3 Bh5 17. Be4 Bg6 18. Bxg6 hxg6 19. Ne4 Re5 20. Nxd6 Rxe3 21. fxe3 Qb8 22. Ne4 f5 23. Kg2 fxe4 24. Qxe4 Qe8 25. Qd3 Rd8 26. Rad1 Nf6 27. Rf1 Rxd5 28. Qb3 Qe4+ 29. Kh2 c4 30. Qxb7 Rxd1 31. Qc8+ Qe8 32. Qxc4+ Rd5 33. Rxf6 Bxf6 34. e4 Qb5 35. Qxd5+ Qxd5 36. exd5 Bxb2 37. Kg2 Kf7 38. Kf3 Ke7 39. Kg4 Bf6 40. h4 gxh4 41. gxh4 Kd6 42. h5 gxh5+ 43. Kxh5 Kxd5 44. Kg6 Ke5 45. Kf7 Bh4 46. Ke8 Ke4 47. Kd7 Ke3 48. Kc6 Kxe2 49. Kb7 a5 50. Kb6 Be1 51. Kb5 Kd3 52. Ka4 Kc2 53. Ka3 Bc3 0-1

[Event "Qatar Masters op"]
[Site "Doha"]
[Date "2023.10.15"]
[Round "5"]
[White "Bakhrillaev, Bakhrom"]
[Black "Shyam, Nikil P"]
[Result "0-1"]
[WhiteElo "2302"]
[BlackElo "2442"]
[PlyCount "113"]
[EventDate "2023.10.11"]
[EventType "swiss"]
[EventRounds "9"]
[EventCountry "QAT"]
[SourceTitle "Mega2024 Update 01"]
[Source "Chessbase"]
[SourceDate "2023.11.12"]
[SourceVersion "1"]
[SourceVersionDate "2023.11.12"]
[SourceQuality "1"]

1. d4 Nf6 2. c4 e6 3. Nc3 Bb4 4. e3 d5 5. Nf3 0-0 6. Bd3 c5 7. 0-0 dxc4 8. Bxc4 Nbd7 9. Qb3 b6 10. a3 Bxc3 11. Qxc3 Bb7 12. Be2 Rc8 13. Rd1 Qc7 14. h3 Qb8 15. Qe1 Rfd8 16. Bd2 Ne4 17. Rac1 Bd5 18. Bc4 Qb7 19. Bxd5 exd5 20. dxc5 bxc5 21. Ba5 Re8 22. Nd2 Nef6 23. b3 Rc6 24. Qf1 Ra6 25. Bc3 Rxa3 26. Ra1 Rxa1 27. Rxa1 Re6 28. Ra4 h6 29. Qa1 a6 30. Ra5 Ne8 31. Qa4 Rg6 32. g3 Re6 33. Qa1 Rc6 34. Qa4 Rb6 35. Qh4 Qc6 36. Qe7 Qe6 37. Qh4 Nd6 38. Ra4 Nf8 39. Rg4 Nf5 40. Qd8 Rd6 41. Qb8 h5 42. Rf4 Ne7 43. h4 f6 44. Qc7 Rc6 45. Qa5 Qd7 46. Qa1 Ne6 47. Ra4 Nc7 48. Qd1 Qe8 49. Bb2 Qg6 50. Nb1 Ne6 51. Nc3 d4 52. exd4 cxd4 53. Ne2 Nf5 54. Qd3 Nxh4 55. Qxg6 Nxg6 56. Nxd4 Nxd4 57. Bxd4 0-1

[Event "Qatar Masters op"]
[Site "Doha"]
[Date "2023.10.13"]
[Round "3"]
[White "Abdusattorov, Nodirbek"]
[Black "Bakhrillaev, Bakhrom"]
[Result "1-0"]
[WhiteElo "2716"]
[BlackElo "2302"]
[PlyCount "65"]
[EventDate "2023.10.11"]
[EventType "swiss"]
[EventRounds "9"]
[EventCountry "QAT"]
[SourceTitle "Mega2024 Update 01"]
[Source "Chessbase"]
[SourceDate "2023.11.12"]
[SourceVersion "1"]
[SourceVersionDate "2023.11.12"]
[SourceQuality "1"]

1. e4 e5 2. Nf3 Nc6 3. Bc4 Bc5 4. 0-0 Nf6 5. d3 d6 6. c3 a5 7. Re1 h6 8. Nbd2 0-0 9. Nf1 Be6 10. Bb5 Ne7 11. d4 exd4 12. cxd4 Bb6 13. Ng3 Ng6 14. Ba4 Bg4 15. h3 Bxf3 16. gxf3 Nh7 17. f4 Qf6 18. e5 Qh4 19. Nf5 Qd8 20. Qg4 dxe5 21. fxe5 h5 22. Qxh5 Bxd4 23. Bc2 Kh8 24. Nxd4 Qxd4 25. Re4 Qd8 26. Rg4 Kg8 27. Rxg6 fxg6 28. Bxg6 Nf6 29. exf6 Rxf6 30. Qh7+ Kf8 31. Qh8+ Ke7 32. Qxg7+ Ke6 33. Bg5 1-0

[Event "Qatar Masters op"]
[Site "Doha"]
[Date "2023.10.12"]
[Round "2"]
[White "Bakhrillaev, Bakhrom"]
[Black "Pranav, V."]
[Result "1-0"]
[WhiteElo "2302"]
[BlackElo "2579"]
[PlyCount "85"]
[EventDate "2023.10.11"]
[EventType "swiss"]
[EventRounds "9"]
[EventCountry "QAT"]
[SourceTitle "Mega2024 Update 01"]
[Source "Chessbase"]
[SourceDate "2023.11.12"]
[SourceVersion "1"]
[SourceVersionDate "2023.11.12"]
[SourceQuality "1"]

1. d4 Nf6 2. c4 e6 3. Nc3 Bb4 4. e3 0-0 5. Bd3 c5 6. Nge2 d5 7. cxd5 cxd4 8. exd4 exd5 9. 0-0 h6 10. a3 Ba5 11. b4 Bb6 12. h3 Nc6 13. Be3 Re8 14. Qc2 Be6 15. Bf5 Rc8 16. Bxe6 Rxe6 17. Qd3 Bc7 18. Rac1 Re8 19. Rc2 Bd6 20. Na4 Rc7 21. Rfc1 Rce7 22. Nc5 Bxc5 23. Rxc5 Ne4 24. R5c2 Qd6 25. Bf4 Qf6 26. b5 Nxf2 27. Qf3 Nxh3+ 28. gxh3 Re3 29. Qxe3 Rxe3 30. Bxe3 Ne7 31. Bf2 Qf3 32. Ng3 Qxa3 33. Rc7 Ng6 34. R1c3 Qb2 35. Rf3 Nf8 36. Rfxf7 Ne6 37. Rxb7 Kh8 38. Kg2 Qb3 39. Rbe7 Ng5 40. Rf8+ Kh7 41. h4 Qa3 42. Ree8 Ne4 43. h5 1-0

[Event "Qatar Masters op"]
[Site "Doha"]
[Date "2023.10.11"]
[Round "1"]
[White "Haldorsen, Benjamin"]
[Black "Bakhrillaev, Bakhrom"]
[Result "0-1"]
[WhiteElo "2454"]
[BlackElo "2302"]
[PlyCount "86"]
[EventDate "2023.10.11"]
[EventType "swiss"]
[EventRounds "9"]
[EventCountry "QAT"]
[SourceTitle "Mega2024 Update 01"]
[Source "Chessbase"]
[SourceDate "2023.11.12"]
[SourceVersion "1"]
[SourceVersionDate "2023.11.12"]
[SourceQuality "1"]

1. e4 e5 2. Nf3 Nc6 3. Bb5 a6 4. Ba4 d6 5. c3 Bd7 6. d4 g6 7. 0-0 Bg7 8. h3 Nf6 9. Nbd2 0-0 10. Re1 Re8 11. Bc2 a5 12. Nf1 a4 13. a3 b5 14. Ng3 Na5 15. Rb1 Qc8 16. Nh2 Qb7 17. Ng4 Nxg4 18. hxg4 exd4 19. cxd4 b4 20. axb4 Qxb4 21. Ne2 Bxg4 22. Bd2 Bxe2 23. Qxe2 Qxd4 24. Bc3 Qc4 25. Bd3 Qc5 26. Bxg7 Kxg7 27. Rbc1 Qb6 28. Bb5 Nb3 29. Bxe8 Nxc1 30. Rxc1 Rxe8 31. Rc4 Rb8 32. Rc2 Qd4 33. Kh2 Rb4 34. f3 h5 35. g3 Rb3 36. Kh3 Qg1 37. Qg2 Qd1 38. Rf2 c5 39. g4 hxg4+ 40. Kxg4 Qd4 41. Rd2 f5+ 42. Kh3 Qxe4 43. Rf2 Qf4 0-1